| 000 | 01150nam0a22002651 4500 | ||
|---|---|---|---|
| 001 | rc\3909380 | ||
| 005 | 20260407214807.0 | ||
| 021 |
_aRU _b[55-29907] |
||
| 035 | _a(NLR Aleph) 008018328 | ||
| 090 |
_a8744526 _c8744526 |
||
| 100 | _a20130415d1955 |||y0rusy50 ca | ||
| 101 | 0 | _arus | |
| 102 | _aRU | ||
| 105 | _ay z ||||| | ||
| 200 | 1 |
_aПоложение о колхозных сезонных детских учреждениях _e[Утв. М-вом просвещения Азерб. ССР, М-вом сельского хозяйства Азерб. ССР, М-вом здравоохранения Азерб. ССР 1/IV 1955 г.] _fМ-во сельского хозяйства Азерб. ССР |
|
| 210 |
_aБаку _cОбъедин. изд-во _d1955 |
||
| 215 |
_a28 с. _d18 |
||
| 606 |
_aЯсли колхозные _2psbo |
||
| 606 |
_aДетские площадки, колхозные _2psbo |
||
| 710 | 0 | 1 |
_aАзССР _bМинистерство просвещения _3RU\NLR\AUTH\8810144587 _9783605 |
| 801 | 0 |
_aRU _bNLR _gpsbo |
|
| 801 | 1 |
_aRU _bELAR _2rusmarc |
|
| 852 |
_aNLR _jМд96 Г-2/1310 |
||
| 942 | _cBOOK | ||
| 980 | _aNB | ||